000 01415cad a22002295a 4500
001 L143417
008 080507s2008 xxud f s 000 0 eng d
035 _a(Sirsi) u143417
041 0 _aeng
050 0 4 _a333.33 $2 18
110 2 _aNAI Global
_95315
245 0 0 _aEurope market report 2008
_h[electronic resource]
260 _aPrinceton
_bNAI Global
_c2008
490 0 _aNAI Global Europe Market Report
_v2008
520 _aReviews and summarises the real estate activities of 2007 in 29 of Europe's most important property markets. Reveals property markets across Europe have been fairly strong in 2007, although uncertainty in the financial markets is likely to change this. High demand for offices led to increasing prime rents in the key European centres, up 10% compared to a year earlier. Average vacancy in Western Europe is around 7.5% and around 7% in Central and Eastern Europe. There were record levels of direct investment in real estate in the first six months of 2007, with most activity in the UK, France and Germany. However, across Europe, the fourth quarter of 2007 saw a marked reduction in the level of activity.
590 _aKA NTK
650 2 4 _aNAI GLOBAL EUROPE MARKET REPORT
651 4 _aEurope
690 _aPROPERTY-COMMERCIAL PROPERTY-COMMERCIAL PROPERTY MARKET
856 4 0 _uhttps://www.naiglobal.com
_zView the item free of charge at www.naiglobal.com...
942 _n0
999 _c108152
_d108152